| 000 | 01368cam a2200301 a 4500 | ||
|---|---|---|---|
| 001 | 000018411 | ||
| 005 | 20200929165510.0 | ||
| 008 | 711220s1971 xxc b 000 0 eng d | ||
| 020 | _a0887500358 (hardcover) | ||
| 020 | _a0887500366 (softcover) | ||
| 040 |
_aDO-SdBNP _beng _cLC _dBNPHU |
||
| 041 | 1 | 7 |
_aeng _hfre _2Código de idioma MARC |
| 050 | 0 | 0 |
_aE141 _b.C513 |
| 082 |
_ann* _bC453v |
||
| 100 | 1 |
_aChamplain, Samuel de, _d1567-1635. _939860 |
|
| 245 | 1 | 0 |
_aVoyages to New France : _bbeing a narrative of the many remarkable things that happened in the West Indies in the years 1599-1601, with an account of the manners and customs of the savages of Canada and a description of that country in the year 1603 / _cSamuel de Champlain ; traducción Michael Macklem ; introducción Edward Miles. |
| 260 |
_a[Ottawa] : _bOberon Press, _c1971. |
||
| 300 |
_a111 p. ; _c21 cm. |
||
| 504 | _aIncluye referencias bibliográficas. | ||
| 651 | 0 |
_aWest Indies _xDescription And Travel _xEarly Works To 1800. _939861 |
|
| 650 | 0 |
_aIndians of north america _zCanada. _95433 |
|
| 651 | 0 |
_aNew France _xDiscovery And Exploration. _939862 |
|
| 700 | 1 | 1 |
_aChamplain, Samuel de, _d1567-1635. _tBrief discours. English. 1971. _939863 |
| 700 | 1 |
_aMacklem, Michael, _etr. _939864 |
|
| 700 | 1 |
_aMiles, Edward, _eintrod. _939865 |
|
| 910 | _aCatalogación derivada / LC | ||
| 049 | _aBNGR | ||
| 999 |
_c17932 _d17932 |
||